|
|
|
|
| LEADER |
00000cas a2200000 a 4500 |
| 001 |
vtls008161039 |
| 005 |
20260513121832.0 |
| 008 |
050617d20032020xo r p 0 b0slo |
| 022 |
|
|
|a 1339-0058
|
| 040 |
|
|
|a SNK
|b slo
|c SNK
|e AACR2
|
| 041 |
0 |
|
|a slo
|
| 043 |
|
|
|a e-xo---
|
| 044 |
|
|
|a xo
|c SK
|
| 072 |
|
7 |
|a 352/354
|x Stupne miestnej, oblastnej a ústrednej správy
|2 konspekt
|
| 072 |
|
7 |
|a 394
|x Verejný a spoločenský život. Každodenný život
|2 konspekt
|
| 072 |
|
7 |
|a 316.7
|x Sociológia kultúry. Kultúrny život
|2 konspekt
|
| 080 |
|
|
|a 352
|2 2011
|
| 080 |
|
|
|a 394
|2 2011
|
| 080 |
|
|
|a 316.728
|2 2011
|
| 080 |
|
|
|a 050
|2 2011
|
| 080 |
|
|
|a (051)+(054)
|2 2011
|
| 080 |
|
|
|a (437.672)
|2 2011
|
| 210 |
0 |
|
|a Obecné nov. Nálepkovo
|
| 222 |
|
0 |
|a Obecné noviny Nálepkovo
|
| 245 |
0 |
0 |
|a Obecné noviny Nálepkovo
|b informačný mesačník obce Nálepkovo
|
| 246 |
1 |
3 |
|a Nálepkovo - obecné noviny
|
| 260 |
|
|
|a Nálepkovo
|b Obecný úrad Nálepkovo
|c 2003-2020
|
| 260 |
3 |
|
|3 1/2010-2020
|a Nálepkovo
|b Obec Nálepkovo
|
| 300 |
|
|
|a 18 zv.
|c 21-30 cm
|
| 310 |
|
|
|a Nepravidelne
|b 2017-2020
|
| 321 |
|
|
|a 1x mesačne
|b 2003-2007
|
| 321 |
|
|
|a 6x ročne
|b 2011-2016
|
| 321 |
|
|
|a Nepravidelne
|b 2008-2010
|
| 362 |
|
|
|a Č. 1 (2003)-č. 6 (2012) ; roč. 11, č. 1 (2013)-roč. XIX, č. 1 (2020)
|
| 500 |
|
|
|a Popis podľa: 1/2004
|
| 500 |
|
|
|a Podnázov od r. 2011-4/2014: informačný dvojmesačník obce Nálepkovo ; od č. 5/2014-2020: informačný občasník obce Nálepkovo
|
| 500 |
|
|
|a Reg. číslo: EV 3178/09
|
| 500 |
|
|
|a Redaktori sa menia
|
| 500 |
|
|
|a Od č. 1/2011 rozmer zv. 30 cm ; č. 1/2015 má rozmer zv. 21 cm
|
| 500 |
|
|
|a R. 2016 označený roč. XV, správny roč. XIV
|
| 515 |
|
|
|a Niektoré čísla vychádzajú ako dvojčísla
|
| 650 |
0 |
7 |
|a miestna správa
|2 SNKPH
|9 29496
|
| 650 |
0 |
7 |
|a spoločenský život
|2 SNKPH
|9 28654
|
| 651 |
|
7 |
|a Nálepkovo (Slovensko)
|2 SNKPHgeo
|9 56242
|
| 655 |
|
7 |
|a miestne periodiká
|2 SNKPH
|9 160938
|
| 999 |
|
|
|c 9809
|d 11739
|
| 952 |
|
|
|t č. 1-3
|a SNK
|b SNK
|y PREZ
|7 0
|p 17A1432640
|o snkČSD 2418/18/2019
|i snk2020/21024
|8 0
|0 0
|1 0
|4 0
|d 2020-11-25
|l 0
|r 2026-02-21 19:24:27
|w 2026-02-21
|
| 952 |
|
|
|t č. 1-10
|a SNK
|b SNK
|y PREZ
|7 0
|p 17A0548275
|o snkČSD 2418/2004
|i snk2007/11922
|8 0
|0 0
|1 0
|4 0
|d 2007-05-04
|l 0
|r 2026-02-21 20:20:05
|w 2026-02-21
|
| 952 |
|
|
|t č. 1-10
|a SNK
|b SNK
|y PREZ
|7 0
|p 17A1344182
|o snkČSD 2418/2005
|i snk2019/6717
|8 0
|0 0
|1 0
|4 0
|d 2019-03-12
|l 0
|r 2026-02-21 21:51:19
|w 2026-02-21
|
| 952 |
|
|
|t č. 1-11
|a SNK
|b SNK
|y PREZ
|7 0
|p 17A1344181
|o snkČSD 2418/2006
|i snk2019/6718
|8 0
|0 0
|1 0
|4 0
|d 2019-03-12
|l 0
|r 2026-02-21 21:51:19
|w 2026-02-21
|
| 952 |
|
|
|t č. 1-9
|a SNK
|b SNK
|y PREZ
|7 0
|p 17A1344180
|o snkČSD 2418/2007
|i snk2019/6720
|8 0
|0 0
|1 0
|4 0
|d 2019-03-12
|l 0
|r 2026-02-21 21:51:19
|w 2026-02-21
|
| 952 |
|
|
|t č. 1-6
|a SNK
|b SNK
|y PREZ
|7 0
|p 17A1344179
|o snkČSD 2418/2008
|i snk2019/6721
|8 0
|0 0
|1 0
|4 0
|d 2019-03-12
|l 0
|r 2026-02-21 21:51:25
|w 2026-02-21
|
| 952 |
|
|
|t č. 1-3
|a SNK
|b SNK
|y PREZ
|7 0
|p 17A1384048
|o snkČSD 2418/17/2018
|i snk2019/26809
|8 0
|0 0
|1 0
|4 0
|d 2019-10-21
|l 0
|r 2026-02-21 22:00:05
|w 2026-02-21
|
| 952 |
|
|
|t č. 1-9, neúplné
|a SNK
|b SNK
|y PREZ
|7 0
|p 17A1341688
|o snkČSD 2418/2009
|i snk2018/27074
|8 0
|z Chýba č. 1-4
|0 0
|1 0
|4 0
|d 2018-12-13
|l 0
|r 2026-02-21 22:14:01
|w 2026-02-21
|
| 952 |
|
|
|t č. 1-5
|a SNK
|b SNK
|y PREZ
|7 0
|p 17A1341689
|o snkČSD 2418/2010
|i snk2018/27083
|8 0
|0 0
|1 0
|4 0
|d 2018-12-13
|l 0
|r 2026-02-21 22:14:01
|w 2026-02-21
|
| 952 |
|
|
|t č. 1-6
|a SNK
|b SNK
|y PREZ
|7 0
|p 17A1341690
|o snkČSD 2418/2011
|i snk2018/27099
|8 0
|0 0
|1 0
|4 0
|d 2018-12-13
|l 0
|r 2026-02-21 22:14:01
|w 2026-02-21
|
| 952 |
|
|
|t č. 1-6
|a SNK
|b SNK
|y PREZ
|7 0
|p 17A1341691
|o snkČSD 2418/2012
|i snk2018/27104
|8 0
|0 0
|1 0
|4 0
|d 2018-12-13
|l 0
|r 2026-02-21 22:14:02
|w 2026-02-21
|
| 952 |
|
|
|t č. 1-6
|a SNK
|b SNK
|y PREZ
|7 0
|p 17A1341692
|o snkČSD 2418/11/2013
|i snk2018/27111
|8 0
|0 0
|1 0
|4 0
|d 2018-12-13
|l 0
|r 2026-02-21 22:14:02
|w 2026-02-21
|
| 952 |
|
|
|t č. 1-5
|a SNK
|b SNK
|y PREZ
|7 0
|p 17A1341693
|o snkČSD 2418/12/2014
|i snk2018/27119
|8 0
|0 0
|1 0
|4 0
|d 2018-12-13
|l 0
|r 2026-02-21 22:14:02
|w 2026-02-21
|
| 952 |
|
|
|t č. 1-6
|a SNK
|b SNK
|y PREZ
|7 0
|p 17A1341694
|o snkČSD 2418/13/2015
|i snk2018/27123
|8 0
|0 0
|1 0
|4 0
|d 2018-12-13
|l 0
|r 2026-02-21 22:14:02
|w 2026-02-21
|
| 952 |
|
|
|t č. 1-5
|a SNK
|b SNK
|y PREZ
|7 0
|p 17A1341695
|o snkČSD 2418/15/2016
|i snk2018/27156
|8 0
|z Označený roč. XV
|0 0
|1 0
|4 0
|d 2018-12-13
|l 0
|r 2026-02-21 22:14:02
|w 2026-02-21
|
| 952 |
|
|
|t č. 1-3
|a SNK
|b SNK
|y PREZ
|7 0
|p 17A1341696
|o snkČSD 2418/16/2017
|i snk2018/27160
|8 0
|0 0
|1 0
|4 0
|d 2018-12-13
|l 0
|r 2026-02-21 22:14:02
|w 2026-02-21
|
| 952 |
|
|
|t 1
|a SNK
|b SNK
|y NEVYP
|7 1
|p 17A1559639
|o snkČSD 2418/19/2020
|i snk2026/7069
|h č. 1
|8 0
|0 0
|1 0
|2 udc
|4 0
|d 2026-05-13
|l 0
|r 2026-05-13 10:02:39
|w 2026-05-13
|